LEADER 01109nam0 2200301 i 450 001 VAN0001680 005 20111017113916.772 010 $a88-420-5399-6 020 $aIT$b98 8701 100 $a20020701d1998 |0itac50 ba 101 $aita 102 $aIT 105 $a|||| ||||| 200 1 $aˆI ‰fondamenti del diritto romano$ele cose e la natura$fMario Bretone 210 $aRoma$cLaterza$d1998 215 $aXII, 326 p.$d21 cm. 410 1$1001VAN0012205$12001 $aCollezione storica$1210 $aBari$aRoma$cLaterza. 606 $aRes $3VANC001274$2FI 620 $dRoma$3VANL000360 676 $a346.3704$v21 700 1$aBretone$bMario$3VANV001736$0143429 712 $aLaterza $3VANV107871$4650 801 $aIT$bSOL$c20230616$gRICA 899 $aBIBLIOTECA DEL DIPARTIMENTO DI GIURISPRUDENZA$1IT-CE0105$2VAN00 912 $aVAN0001680 950 $aBIBLIOTECA DEL DIPARTIMENTO DI GIURISPRUDENZA$d00CONS XVIII.Da.11 $e00 16388 20030403 996 $aFondamenti del diritto romano$9305762 997 $aUNICAMPANIA LEADER 01554nam 2200445 450 001 990003042040203316 005 20080107134707.0 010 $a92-825-3250-X 035 $a000304204 035 $aUSA01000304204 035 $a(ALEPH)000304204USA01 035 $a000304204 100 $a20080107d1983----km-y0itay0103----ba 101 $afre 102 $aLU 105 $a||||||||001yy 200 1 $aUtilisation énergétique des déchets municipaux$erapport de synthèse 1980-1981$fCommission des Communautés européennes 210 $aLuxembourg$cOffice des publications officielles des Communautés européennes$d1983 215 $a141 p.$d30 cm 606 0 $aRifiuti$xTrattamento$yEuropa 606 0 $aRifiuti$xEliminazione$yEuropa 676 $a363.728094 699 $a08.11$bProduzione di energia 710 02$aCommissione europea$0333284 801 0$aIT$bsalbc$gISBD 912 $a990003042040203316 951 $aCDE 08.11 (XVI)$bCDE 469$cCDE 08.11$d00150041 959 $aBK 969 $aCDE 979 $aMARIAS$b90$c20080107$lUSA01$h1332 979 $aMARIAS$b90$c20080107$lUSA01$h1347 979 $aMARIAS$b90$c20080221$lUSA01$h1130 979 $aMARIAS$b90$c20080221$lUSA01$h1151 979 $aMARIAS$b90$c20080221$lUSA01$h1322 979 $aMARIAS$b90$c20080703$lUSA01$h1024 979 $aMARIAS$b90$c20080703$lUSA01$h1027 979 $aMARIAS$b90$c20080703$lUSA01$h1031 979 $aBATCH-UPD$b90$c20111212$lUSA01$h1717 996 $aUtilisation énergétique des déchets municipaux$91021490 997 $aUNISA